00000000cam 2200000za 4500
0019.678243
003CaOODSP
00520251230123706
007ta
008150407|1989||||xxc|||||     f|0| 0 fre d
020 |a0-660-92416-1
040 |aCaOODSP|bfre
043 |an-cn---
0861 |aA15-1822/1988F
1101 |aCanada.|bNon attribué.
24513|aLa ferme canadienne: manuel de construction / |cDirection générale de la recherche, Agriculture Canada
260 |bNon attribué |c1988.
300 |a181 p. : |bill. ; |c28 cm.
5203 |aCe manuel présente des lignes directrices pratiques relatives à la conception et à l'évaluation d'une vaste gamme de bâtiments agricoles. Ce manuel illustré vient compléter les récentes éditions du "Code canadien de construction des bâtiments agricoles" et du "Code national du bâtiment du Canada", où se trouvent énoncées les normes de construction de base. On y présente des données sur la conception, des directives à l'intention des ingénieurs agronomes ainsi que des renseignements sur la gestion des bâtiments qui peuvent servir à planifier l'aménagement des bâtiments et des services tout en tenant compte des exigences liées à ces services et des limites de conception. Ces renseignements reposent sur des recherches effectuées au Canada et à l'étranger. Les renseignements peuvent s'avérer utiles pour ceux qui cherchent à atteindre une productivité maximale tout en prévoyant des bâtiments adéquats pour les animaux et les produits de la ferme. Ce manuel traite également de l'intégration du flux de matériel entre les bâtiments et les aires de travail. Il sera d'une aide précieuse pour les ingénieurs agronomes, les experts-conseils et les entrepreneurs qui s'intéressent à l'aménagement des bâtiments de ferme. Ce manuel peut également servir d'ouvrage de référence dans les cours universitaires et collégiaux.
590 |a89-02|b1989-01-13
69107|aBâtiment agricole|2gcpds
7760#|tLa ferme canadienne |w(CaOODSP)9.643461